Countries where the Top 25 Most Subscribed YouTube Channels are Based - Statistics

General Stats
  • This quiz has been taken 15 times
  • The average score is 8 of 11
Answers on the Map
Answers color-coded by a green-red scale on the quiz's map according to % correct below.
 
Answer Stats
Hint Answer % Correct
T-SeriesSET I___a Zee Music Company Goldmines Sony SAB ChuChu TV Nursery Rhymes & Kids Songs Zee TV Colors TV India
100%
KIMPROBlackpink Pinkfong BANGTANTV South Korea
100%
MrBeastCocomelon - Nursery Rhymes Vlad and Niki* Kids Diana Show* Stokes Twins Like Nastya* WWE Alan's Universe United States
100%
Vlad and Niki*Like Nastya* A4* Russia
92%
PewDiePie* Japan
85%
PewDiePie* Sweden
85%
Alejo Igoa Argentina
69%
Kids Diana Show* Ukraine
62%
ZAMZAM ELECTRONICS TRADING United Arab Emirates
38%
A4* Belarus
31%
5-Minute Crafts Cyprus
31%
No matching quizzes found
Score Distribution
Percent of People with Each Score
Percentile by Number Answered
Your Score History
You have not taken this quiz